| 000 | 00426nam a2200133Ia 4500 | ||
|---|---|---|---|
| 008 | 170221s9999 xx 000 0 und d | ||
| 100 | _aHarun, Harun. | ||
| 245 | _aAccounting Change and Institutional Capacity: The Case of a Provincial Government in Indonesia | ||
| 245 | _cHarun Harun and Haryono P. Kamase | ||
| 260 | _c2012 | ||
| 300 | _a32 : 3 | ||
| 650 | _xBusiness | ||
| 856 | _uhttp://ro.uow.edu.au/aabfj/vol6/iss2/4/ | ||
| 999 |
_c311191 _d311191 |
||